000 00687nam a22001817a 4500
005 20100821144348.0
010 _aENG-101244
020 _c80.00
035 _aEN-84777
037 _bDBAD/PUB
082 _a347.00954
245 _aThe supreme court rules, 1966 :
_bas amended in 2008 /
260 _aDelhi
_bUniversal Law Publishing
_c2010
270 _aC-FF-1A, Dilkush Industrial Estate, (Near Azadpur Metro Station) G.T. Karnal Road
_bDelhi
_e110033
300 _a132p.
_c24cm (pbk)
942 _2ddc
_cEN
_h347.00954
_mSUP
999 _c42912
_d42912